000 00673cam a22002171 4500
001 sa 66000045
003 DLC
005 20260227112212.0
008 840427s1951 ii ab s000 0 eng
010 _asa 66000045
035 _a(OCoLC)21638663
040 _aDLC
_cCU
_dDLC
042 _apremarc
050 0 0 _aHC437.H9
_bI9
100 1 _aIyengar, S. Kesava,
_d1894-
245 1 0 _aRural economic enquiries in the Hyderabad State, 1949-51,
260 _aHyderabad,
_bGovt. Press,
_c1951.
300 _axx, 658 p.
_billus., fold. col. maps.
_c25 cm.
651 0 _aHyderabad (India : State)
_xEconomic conditions.
651 0 _aHyderabad (India : State)
_xRural conditions.
999 _c67001
_d67001